[Event "2. Bundesliga Ost 2010/2011"]
[Site "2+3.10.Zwettl,30.10-1.11.Wien,27+28.11.Wien,29+30.
[Date "2011.03.12"]
[Round "10"]
[Board "6"]
[White "Haas, Bernhard"]
[Black "Ganauser, Eduard"]
[Result "0-1"]
[WhiteElo "1989"]
[BlackElo "2096"]
[PlyCount "194"]
[EventDate "2010.10.02"]
[EventType "team"]
[EventRounds "11"]
[EventCountry "AUT"]
[WhiteTeam "Husek Wien"]
[BlackTeam "1. Wr. Neustaedter SV"]

1.e4 c5 2.c3 Nf6 3.e5 Nd5 4.d4 cxd4 5.Nf3 Nc6 6.cxd4 d6 7.Bc4 e6 8.O-O Nb6 9.Bb3
Be7 10.Nc3 O-O 11.Qe2 a6 12.Rd1 Qc7 13.Bf4 dxe5 14.dxe5 Nd7 15.Rac1 Nc5 16.Bc2
b6 17.Ne4 Nb4 18.Bb1 Bb7 19.Nd6 Bxd6 20.exd6 Bxf3 21.Qxf3 Qd7 22.Qg3 Nd5 23.Be5
f6 24.Bd4 Nb7 25.Bxb6 Qxd6 26.Qxd6 Nxd6 27.Bc5 Rfd8 28.b4 Nb5 29.Be4 Nbc3
30.Bxd5 Nxd5 31.Kf1 Nf4 32.Bd6 Nd5 33.Bc5 Kf7 34.a4 Rab8 35.Ke2 Ke8 36.Kf3 Nxb4
37.Rxd8+ Kxd8 38.Bd6 Rb7 39.Rb1 a5 40.Bxb4 axb4 41.Ke3 b3 42.Kd4 Rb4+ 43.Kc5
Rxa4 44.Rxb3 Ra7 45.Kd6 Ra6+ 46.Kc5 Ke7 47.Rb7+ Kf8 48.Rb2 Kf7 49.Kd4 g5 50.Ke3
Ra3+ 51.Ke2 h5 52.Rb4 h4 53.Rb6 e5 54.h3 Ra2+ 55.Ke3 Kg6 56.Rb3 Ra1 57.Kf3 Re1
58.g4 hxg3 59.fxg3 Rh1 60.Kg2 Rd1 61.Kf3 Rd4 62.Ra3 Kh5 63.Ra6 Rd3+ 64.Kg2 Kg6
65.Kf2 Kf7 66.Rb6 Rd2+ 67.Kf3 Rh2 68.Kg4 Kg6 69.h4 gxh4 70.gxh4 Rf2 71.Kg3 Rf4
72.Rb8 Ra4 73.Rg8+ Kf5 74.h5 Ra1 75.Kg2 Ra7 76.Kg3 Rh7 77.Kh4 Kf4 78.Rg4+ Ke3
79.Rg3+ Kf4 80.Rg4+ Kf5 81.Rg2 e4 82.Rg3 Ke5 83.Ra3 Kf4 84.Ra1 Ke3 85.Rf1 Rf7
86.Re1+ Kf3 87.h6 e3 88.Rf1+ Kg2 89.Re1 Kf2 90.Ra1 f5 91.Kg5 f4 92.Kg6 Re7 93.h7
Re8 94.Kf7 Rh8 95.Kg7 Rxh7+ 96.Kxh7 e2 97.Ra2 f3 0-1

[Event "2. Bundesliga Ost 2010/2011"]
[Site "2+3.10.Zwettl,30.10-1.11.Wien,27+28.11.Wien,29+30.
[Date "2011.03.12"]
[Round "10"]
[Board "1"]
[White "Likavsky, Tomas"]
[Black "Rotstein, Arkadij"]
[Result "1/2-1/2"]
[WhiteElo "2459"]
[BlackElo "2542"]
[PlyCount "101"]
[EventDate "2010.10.02"]
[EventType "team"]
[EventRounds "11"]
[EventCountry "AUT"]
[WhiteTeam "ASVOE Wulkaprodersdorf"]
[BlackTeam "SV Tschaturanga Neubau"]

1.d4 Nf6 2.c4 e6 3.Nc3 Bb4 4.Qc2 O-O 5.a3 Bxc3+ 6.Qxc3 b5 7.cxb5 c6 8.a4 Bb7
9.Nf3 cxb5 10.axb5 Qb6 11.e3 Rc8 12.Qb3 a6 13.Bd2 axb5 14.Rxa8 Bxa8 15.Bd3 Bd5
16.Qb4 Bc4 17.Bxc4 Rxc4 18.Qb3 Nc6 19.O-O Qa6 20.Qd3 Ra4 21.Ne5 h6 22.b3 Ra2
23.f3 Qa3 24.Nxc6 dxc6 25.Rb1 Nd5 26.e4 Nb4 27.Qc3 Nc2 28.Rc1 b4 29.Qc4 Qb2
30.d5 Ne3 31.Qd3 Qxd2 32.Qxd2 Rxd2 33.dxc6 Rd8 34.c7 Rc8 35.Kf2 Nxg2 36.Kxg2 Kf8
37.Kf2 Ke7 38.Ke3 Kd6 39.Kd4 e5+ 40.Kd3 g6 41.Rc2 h5 42.Rc4 h4 43.h3 g5 44.Rxb4
Rxc7 45.Rb6+ Ke7 46.Kd2 Rd7+ 47.Kc2 Rc7+ 48.Kb2 Rd7 49.Kc2 Rc7+ 50.Kb2 Rd7
51.Kc2 1/2-1/2

[Event "2. Bundesliga Ost 2010/2011"]
[Site "2+3.10.Zwettl,30.10-1.11.Wien,27+28.11.Wien,29+30.
[Date "2011.03.12"]
[Round "10"]
[Board "2"]
[White "Wukits, Rene"]
[Black "Schweda, Roland"]
[Result "0-1"]
[WhiteElo "2307"]
[BlackElo "2457"]
[PlyCount "44"]
[EventDate "2010.10.02"]
[EventType "team"]
[EventRounds "11"]
[EventCountry "AUT"]
[WhiteTeam "SV Tschaturanga Neubau"]
[BlackTeam "ASVOE Wulkaprodersdorf"]

1.d4 Nf6 2.c4 d6 3.Nc3 Nbd7 4.e4 e5 5.d5 Be7 6.g3 O-O 7.Bh3 Ne8 8.Be3 g6 9.f4
exf4 10.gxf4 Bh4+ 11.Kd2 c6 12.Qe2 cxd5 13.cxd5 b5 14.a3 Nc5 15.Rd1 Bxh3 16.Nxh3
Rc8 17.Ng5 a5 18.Bxc5 Rxc5 19.Qg4 Bxg5 20.fxg5 f5 21.Qg3 b4 22.axb4 axb4 0-1

[Event "2. Bundesliga Ost 2010/2011"]
[Site "2+3.10.Zwettl,30.10-1.11.Wien,27+28.11.Wien,29+30.
[Date "2011.03.12"]
[Round "10"]
[Board "3"]
[White "Volkmann, Friedrich Karl"]
[Black "Wallner, Alfred"]
[Result "1-0"]
[WhiteElo "2409"]
[BlackElo "2272"]
[PlyCount "71"]
[EventDate "2010.10.02"]
[EventType "team"]
[EventRounds "11"]
[EventCountry "AUT"]
[WhiteTeam "ASVOE Wulkaprodersdorf"]
[BlackTeam "SV Tschaturanga Neubau"]

1.e4 c5 2.Nf3 d6 3.d4 Nf6 4.Nc3 cxd4 5.Nxd4 e6 6.Be3 Nc6 7.f4 Be7 8.Qf3 e5
9.Nxc6 bxc6 10.f5 O-O 11.O-O-O Qa5 12.Bc4 Rb8 13.Bd2 Qb6 14.b3 Ba6 15.Bxa6 Qxa6
16.Kb1 Rfd8 17.g4 d5 18.g5 Nxe4 19.Nxe4 dxe4 20.Qxe4 Re8 21.f6 Bf8 22.fxg7 Bxg7
23.Bc3 Rbd8 24.Rhe1 Rxd1+ 25.Rxd1 Qb6 26.Kb2 Bf8 27.Rd3 Qa6 28.a4 Qc8 29.h4 Qe6
30.h5 f5 31.gxf6 Qxf6 32.Rd7 Re7 33.Rxe7 Qxe7 34.Qxc6 Kf7 35.Qe4 Kf6 36.Qf4+ 1-0

[Event "2. Bundesliga Ost 2010/2011"]
[Site "2+3.10.Zwettl,30.10-1.11.Wien,27+28.11.Wien,29+30.
[Date "2011.03.12"]
[Round "10"]
[Board "4"]
[White "Kleiser, Gregor"]
[Black "Sandhu, Mario"]
[Result "1-0"]
[WhiteElo "2258"]
[BlackElo "2330"]
[PlyCount "77"]
[EventDate "2010.10.02"]
[EventType "team"]
[EventRounds "11"]
[EventCountry "AUT"]
[WhiteTeam "SV Tschaturanga Neubau"]
[BlackTeam "ASVOE Wulkaprodersdorf"]

1.c4 c5 2.Nf3 Nf6 3.g3 b6 4.Bg2 Bb7 5.O-O e6 6.Nc3 Be7 7.d4 cxd4 8.Qxd4 O-O 9.b3
a6 10.Bb2 Qc7 11.Rac1 d6 12.Rfd1 Nbd7 13.Ne1 Rfd8 14.Qe3 Ne5 15.Na4 Ned7 16.Nc3
Bf8 17.Ne4 Nxe4 18.Bxe4 Nc5 19.Bb1 Qc6 20.f3 Qe8 21.Kg2 f5 22.Nd3 Qf7 23.Nf2
Rac8 24.b4 Nd7 25.Qb3 b5 26.e4 fxe4 27.Nxe4 bxc4 28.Rxc4 Bxe4 29.Rxe4 d5 30.Rf4
Qe7 31.Rh4 h6 32.Qd3 Nf6 33.Rxh6 e5 34.Rh4 Rc6 35.Qf5 Re8 36.Qh3 Kf7 37.a3 Rec8
38.Qf5 Re6 39.Rxd5 1-0

[Event "2. Bundesliga Ost 2010/2011"]
[Site "2+3.10.Zwettl,30.10-1.11.Wien,27+28.11.Wien,29+30.
[Date "2011.03.12"]
[Round "10"]
[Board "5"]
[White "Kopinits, Anna-Christina"]
[Black "Ponjican, Erich"]
[Result "1-0"]
[WhiteElo "2210"]
[BlackElo "2206"]
[PlyCount "51"]
[EventDate "2010.10.02"]
[EventType "team"]
[EventRounds "11"]
[EventCountry "AUT"]
[WhiteTeam "ASVOE Wulkaprodersdorf"]
[BlackTeam "SV Tschaturanga Neubau"]

1.e4 Nf6 2.e5 Nd5 3.d4 d6 4.c4 Nb6 5.exd6 exd6 6.Nc3 Nc6 7.Be3 Bf5 8.Bd3 Qd7
9.Nge2 Be7 10.O-O O-O 11.b3 Rae8 12.Bxf5 Qxf5 13.d5 Ne5 14.Nb5 Bd8 15.Nxa7 c6
16.dxc6 bxc6 17.Qxd6 Re6 18.Nd4 Rxd6 19.Nxf5 Rd7 20.Rad1 Rxa7 21.Rxd8 Rxd8
22.Bxb6 Rad7 23.Bxd8 Rxd8 24.Ne3 g6 25.Rd1 Ra8 26.f4 1-0

[Event "2. Bundesliga Ost 2010/2011"]
[Site "2+3.10.Zwettl,30.10-1.11.Wien,27+28.11.Wien,29+30.
[Date "2011.03.12"]
[Round "10"]
[Board "6"]
[White "Schwaninger, Wolfgang"]
[Black "Wanderer, Thomas"]
[Result "1/2-1/2"]
[WhiteElo "2146"]
[BlackElo "2220"]
[PlyCount "74"]
[EventDate "2010.10.02"]
[EventType "team"]
[EventRounds "11"]
[EventCountry "AUT"]
[WhiteTeam "SV Tschaturanga Neubau"]
[BlackTeam "ASVOE Wulkaprodersdorf"]

1.c4 c5 2.Nc3 Nf6 3.g3 d5 4.cxd5 Nxd5 5.Bg2 Nc7 6.d3 e5 7.Nf3 Nc6 8.O-O Be7
9.Be3 f6 10.Na4 b6 11.Rc1 Nd5 12.a3 Qd6 13.Nc3 Be6 14.Qa4 O-O 15.Ne4 Qd7 16.Rfd1
Rac8 17.Bd2 Rfd8 18.Nc3 Bf8 19.Nxd5 Bxd5 20.b4 Qf7 21.Rb1 e4 22.dxe4 Bxe4 23.Ng5
fxg5 24.Bxe4 Nd4 25.Bxg5 Re8 26.Bd3 Nxe2+ 27.Bxe2 Rxe2 28.Be3 Re8 29.Qd7 Re7
30.Qh3 R7xe3 31.fxe3 Qf2+ 32.Kh1 Qf3+ 33.Kg1 Qxe3+ 34.Kh1 Qf3+ 35.Kg1 Qe3+
36.Kh1 Qe4+ 37.Kg1 Qe3+ 1/2-1/2

[Event "2. Bundesliga Ost 2010/2011"]
[Site "2+3.10.Zwettl,30.10-1.11.Wien,27+28.11.Wien,29+30.
[Date "2011.03.13"]
[Round "11"]
[Board "1"]
[White "Rotstein, Arkadij"]
[Black "Hodisch, Juri"]
[Result "1/2-1/2"]
[WhiteElo "2542"]
[BlackElo "2393"]
[PlyCount "111"]
[EventDate "2010.10.02"]
[EventType "team"]
[EventRounds "11"]
[EventCountry "AUT"]
[WhiteTeam "SV Tschaturanga Neubau"]
[BlackTeam "Aljechin/Wieden"]

1.g3 Nf6 2.Bg2 d5 3.Nf3 e6 4.d4 Be7 5.c4 O-O 6.O-O c6 7.Qc2 b6 8.Nbd2 Ba6 9.Re1
Nbd7 10.e4 h6 11.e5 Ne8 12.Qa4 Bxc4 13.Qxc6 Ba6 14.Qa4 Nc7 15.Nf1 Bd3 16.Ne3 Re8
17.Bd2 a5 18.Rec1 b5 19.Qd1 Bg6 20.Qe1 b4 21.a3 Na6 22.Bf1 Be4 23.Qe2 Qb6 24.Nc4
Bxf3 25.Nxb6 Bxe2 26.Nxd7 Bxf1 27.Kxf1 bxa3 28.bxa3 Nb8 29.Nc5 Rc8 30.Nb3 Nc6
31.a4 Rcb8 32.Rxc6 Rxb3 33.Rac1 Bb4 34.Ke2 Bxd2 35.Kxd2 Rb4 36.Ke3 Rxa4 37.Rc8+
Rxc8 38.Rxc8+ Kh7 39.Rc7 Ra3+ 40.Ke2 Kg6 41.Ra7 h5 42.h4 Ra2+ 43.Ke3 a4 44.f3 a3
45.g4 hxg4 46.fxg4 Ra1 47.Kf2 a2 48.Kg2 Rd1 49.Rxa2 Rxd4 50.Kg3 f5 51.exf6 gxf6
52.Ra8 Rd3+ 53.Kg2 f5 54.h5+ Kh6 55.gxf5 exf5 56.Rf8 1/2-1/2

[Event "2. Bundesliga Ost 2010/2011"]
[Site "2+3.10.Zwettl,30.10-1.11.Wien,27+28.11.Wien,29+30.
[Date "2011.03.13"]
[Round "11"]
[Board "2"]
[White "Heiny, Johannes"]
[Black "Wukits, Rene"]
[Result "1/2-1/2"]
[WhiteElo "2263"]
[BlackElo "2307"]
[PlyCount "120"]
[EventDate "2010.10.02"]
[EventType "team"]
[EventRounds "11"]
[EventCountry "AUT"]
[WhiteTeam "Aljechin/Wieden"]
[BlackTeam "SV Tschaturanga Neubau"]

1.d4 Nf6 2.c4 e6 3.Nc3 c5 4.d5 exd5 5.cxd5 d6 6.e4 g6 7.Bd3 Bg7 8.h3 O-O 9.Nf3
a6 10.a4 Nh5 11.O-O Re8 12.Re1 Nd7 13.Bg5 Bf6 14.Be3 Rb8 15.Qd2 Qc7 16.Rac1 Qa5
17.g4 Ng7 18.Bf4 Qc7 19.Bc4 Rd8 20.Bg3 Ne8 21.Kg2 Bg7 22.Qe2 Ne5 23.Nxe5 dxe5
24.Qe3 Nd6 25.b3 b5 26.axb5 axb5 27.Bf1 Bd7 28.f4 Re8 29.f5 Ra8 30.Bf2 Rec8
31.Ra1 Qb7 32.Rxa8 Qxa8 33.Rc1 Bf8 34.Nd1 Qa2 35.Kf3 c4 36.bxc4 bxc4 37.Nc3 Qa3
38.Rb1 Ba4 39.Nxa4 Qxa4 40.Qc3 f6 41.fxg6 hxg6 42.Ra1 Qe8 43.Ra5 f5 44.exf5 gxf5
45.gxf5 Rc7 46.Kg2 Bh6 47.Ra7 Rxa7 48.Bxa7 Bf4 49.Be3 Nxf5 50.Bxf4 exf4 51.Qf6
Qe4+ 52.Kh2 f3 53.Qe6+ Qxe6 54.dxe6 Ne3 55.Bxc4 Nxc4 56.Kg3 Ne5 57.h4 Kg7 58.h5
Kf6 59.h6 Kxe6 60.h7 Ng6 1/2-1/2

[Event "2. Bundesliga Ost 2010/2011"]
[Site "2+3.10.Zwettl,30.10-1.11.Wien,27+28.11.Wien,29+30.
[Date "2011.03.13"]
[Round "11"]
[Board "3"]
[White "Wallner, Alfred"]
[Black "Groetz, Harald"]
[Result "1/2-1/2"]
[WhiteElo "2272"]
[BlackElo "2321"]
[PlyCount "53"]
[EventDate "2010.10.02"]
[EventType "team"]
[EventRounds "11"]
[EventCountry "AUT"]
[WhiteTeam "SV Tschaturanga Neubau"]
[BlackTeam "Aljechin/Wieden"]

1.e4 c5 2.Nf3 d6 3.d4 cxd4 4.Nxd4 Nf6 5.Nc3 Nc6 6.f3 e5 7.Nb3 Be7 8.Be3 O-O
9.Qd2 a5 10.Bb5 Be6 11.O-O d5 12.exd5 Nxd5 13.Nxd5 Qxd5 14.Qxd5 Bxd5 15.Rad1 Be6
16.Nc5 Bxc5 17.Bxc5 Rfd8 18.a3 Nd4 19.Bxd4 exd4 20.Rf2 Rd6 21.c3 Rad8 22.Rfd2
Bb3 23.Re1 g6 24.cxd4 Rxd4 25.Rxd4 Rxd4 26.Re7 b6 27.Rd7 1/2-1/2

[Event "2. Bundesliga Ost 2010/2011"]
[Site "2+3.10.Zwettl,30.10-1.11.Wien,27+28.11.Wien,29+30.
[Date "2011.03.13"]
[Round "11"]
[Board "4"]
[White "Schlosser, Michael"]
[Black "Kleiser, Gregor"]
[Result "1-0"]
[WhiteElo "2331"]
[BlackElo "2258"]
[PlyCount "61"]
[EventDate "2010.10.02"]
[EventType "team"]
[EventRounds "11"]
[EventCountry "AUT"]
[WhiteTeam "Aljechin/Wieden"]
[BlackTeam "SV Tschaturanga Neubau"]

1.e4 c5 2.Nf3 d6 3.d4 cxd4 4.Nxd4 Nf6 5.Nc3 a6 6.Be3 e6 7.Qd2 Be7 8.f3 b5 9.a3
O-O 10.g4 Nfd7 11.g5 Bb7 12.f4 Nc6 13.Nxc6 Bxc6 14.Bg2 Nb6 15.b3 Rc8 16.O-O Qc7
17.Ne2 d5 18.e5 d4 19.Bxd4 Rfd8 20.Bxc6 Qxc6 21.c3 Qe4 22.Ng3 Qd5 23.b4 Nc4
24.Qe2 Rd7 25.Ne4 Bd8 26.Rf3 Qc6 27.Rg3 Be7 28.Nf6+ Bxf6 29.gxf6 g6 30.Qh5 Rxd4
31.Qh6 1-0

[Event "2. Bundesliga Ost 2010/2011"]
[Site "2+3.10.Zwettl,30.10-1.11.Wien,27+28.11.Wien,29+30.
[Date "2011.03.13"]
[Round "11"]
[Board "5"]
[White "Ponjican, Erich"]
[Black "Albadri, Abd Al Sattar"]
[Result "0-1"]
[WhiteElo "2206"]
[BlackElo "2226"]
[PlyCount "60"]
[EventDate "2010.10.02"]
[EventType "team"]
[EventRounds "11"]
[EventCountry "AUT"]
[WhiteTeam "SV Tschaturanga Neubau"]
[BlackTeam "Aljechin/Wieden"]

1.e4 e5 2.Nf3 Nc6 3.Bb5 a6 4.Ba4 Nf6 5.O-O b5 6.Bb3 Bc5 7.c3 d6 8.d4 Bb6 9.h3
O-O 10.Bg5 h6 11.Bh4 g5 12.Bg3 g4 13.hxg4 Bxg4 14.Bh4 exd4 15.Qd2 Kg7 16.Nxd4
Nxd4 17.cxd4 Nxe4 18.Qf4 Qxh4 19.Qxe4 Rae8 20.Qf4 Qg5 21.Qxg5+ hxg5 22.Nc3 Bxd4
23.Nd5 c5 24.a4 Be2 25.Rfe1 Re5 26.axb5 axb5 27.Nc3 Rfe8 28.Nxe2 Rxe2 29.Rxe2
Rxe2 30.Ra7 c4 0-1

[Event "2. Bundesliga Ost 2010/2011"]
[Site "2+3.10.Zwettl,30.10-1.11.Wien,27+28.11.Wien,29+30.
[Date "2011.03.13"]
[Round "11"]
[Board "6"]
[White "Batyte, Daiva"]
[Black "Schwaninger, Wolfgang"]
[Result "1/2-1/2"]
[WhiteElo "2167"]
[BlackElo "2146"]
[PlyCount "109"]
[EventDate "2010.10.02"]
[EventType "team"]
[EventRounds "11"]
[EventCountry "AUT"]
[WhiteTeam "Aljechin/Wieden"]
[BlackTeam "SV Tschaturanga Neubau"]

1.c4 g6 2.Nc3 Bg7 3.g3 d6 4.Bg2 Nf6 5.d4 c6 6.Nf3 O-O 7.O-O Nbd7 8.e4 e5 9.h3
Qe7 10.dxe5 Nxe5 11.Nxe5 dxe5 12.Be3 Be6 13.b3 Rfd8 14.Qc2 b6 15.Rad1 Nh5
16.Rxd8+ Rxd8 17.Rd1 Rd7 18.Kh2 Qd8 19.Rxd7 Qxd7 20.c5 b5 21.b4 Bc4 22.a4 a6
23.axb5 axb5 24.Qd2 Qxd2 25.Bxd2 Kf8 26.Nd1 Nf6 27.Ne3 Bd3 28.f3 h5 29.h4 Ke8
30.Kg1 Kd7 31.Bc3 Ne8 32.Bh3+ Ke7 33.Kf2 f6 34.Nd1 Bh6 35.Ne3 Nc7 36.Bd2 Kd8
37.Bc3 Na6 38.Be6 Ke7 39.Bb3 Nc7 40.Ba2 Ne6 41.Bxe6 Kxe6 42.Bd2 Bg7 43.Nd1 f5
44.Nc3 Bf8 45.Bg5 Bg7 46.Ke3 Bc4 47.Kd2 Bf6 48.Bxf6 Kxf6 49.exf5 gxf5 50.Ke3 Ke6
51.Nd1 Ba2 52.Nc3 Bb3 53.f4 Bc2 54.Kd2 Be4 55.Ke3 1/2-1/2

[Event "2. Bundesliga Ost 2010/2011"]
[Site "2+3.10.Zwettl,30.10-1.11.Wien,27+28.11.Wien,29+30.
[Date "2011.03.13"]
[Round "11"]
[Board "1"]
[White "Boros, Denez"]
[Black "Likavsky, Tomas"]
[Result "1-0"]
[WhiteElo "2508"]
[BlackElo "2459"]
[PlyCount "79"]
[EventDate "2010.10.02"]
[EventType "team"]
[EventRounds "11"]
[EventCountry "AUT"]
[WhiteTeam "Husek Wien"]
[BlackTeam "ASVOE Wulkaprodersdorf"]

1.e4 c5 2.Nf3 d6 3.d4 cxd4 4.Nxd4 Nf6 5.Nc3 Nc6 6.Bg5 e6 7.Qd2 a6 8.O-O-O Be7
9.f4 Nxd4 10.Qxd4 b5 11.Bxf6 gxf6 12.Qe3 Qa5 13.Kb1 b4 14.Ne2 Qc5 15.Nd4 Bb7
16.Bd3 d5 17.e5 f5 18.g4 fxg4 19.f5 O-O-O 20.fxe6 fxe6 21.Qf4 Rdg8 22.Nxe6 Qc6
23.Nd4 Qb6 24.Bxh7 Rg7 25.Bf5+ Kb8 26.Bxg4 Bc5 27.Nf5 Rf8 28.h3 Ka7 29.Rhe1 Rg6
30.Qd2 Bf2 31.Rf1 Bc5 32.Nh4 Rgg8 33.e6 a5 34.Qd3 Bf2 35.e7 Re8 36.Nf5 Ba6
37.Qxd5 Bxf1 38.Rxf1 Rh8 39.Qd7+ Kb8 40.Nd6 1-0

[Event "2. Bundesliga Ost 2010/2011"]
[Site "2+3.10.Zwettl,30.10-1.11.Wien,27+28.11.Wien,29+30.
[Date "2011.03.13"]
[Round "11"]
[Board "2"]
[White "Volkmann, Friedrich Karl"]
[Black "Mihok, Oliver"]
[Result "0-1"]
[WhiteElo "2409"]
[BlackElo "2463"]
[PlyCount "84"]
[EventDate "2010.10.02"]
[EventType "team"]
[EventRounds "11"]
[EventCountry "AUT"]
[WhiteTeam "ASVOE Wulkaprodersdorf"]
[BlackTeam "Husek Wien"]

1.e4 c5 2.Nf3 e6 3.d4 cxd4 4.Nxd4 Nc6 5.Nc3 Qc7 6.Be3 a6 7.Qd2 Nf6 8.f3 Ne5
9.O-O-O b5 10.Kb1 Bb7 11.Nb3 Be7 12.Qf2 d6 13.Bb6 Qb8 14.Na5 O-O 15.g4 Nfd7
16.Bd4 Nc6 17.Nxb7 Qxb7 18.Be3 Nc5 19.Ne2 b4 20.Nd4 a5 21.Nb5 Rfd8 22.Be2 Na6
23.Rd2 d5 24.exd5 Rxd5 25.Rxd5 exd5 26.Rd1 Rd8 27.f4 a4 28.g5 Bf8 29.h4 Re8
30.Bf1 Na5 31.b3 axb3 32.axb3 g6 33.Bb6 Nc6 34.Rxd5 Bg7 35.Rd1 Ra8 36.Kc1 Nab8
37.Qe3 Nd7 38.Bd4 Nxd4 39.Nxd4 Ra1+ 40.Kd2 Rxd1+ 41.Kxd1 Qd5 42.Qe8+ Nf8 0-1

[Event "2. Bundesliga Ost 2010/2011"]
[Site "2+3.10.Zwettl,30.10-1.11.Wien,27+28.11.Wien,29+30.
[Date "2011.03.13"]
[Round "11"]
[Board "3"]
[White "Juhasz, Kristof"]
[Black "Sandhu, Mario"]
[Result "1/2-1/2"]
[WhiteElo "2268"]
[BlackElo "2330"]
[PlyCount "73"]
[EventDate "2010.10.02"]
[EventType "team"]
[EventRounds "11"]
[EventCountry "AUT"]
[WhiteTeam "Husek Wien"]
[BlackTeam "ASVOE Wulkaprodersdorf"]

1.d4 Nf6 2.c4 e6 3.g3 d5 4.Bg2 dxc4 5.Qa4+ Bd7 6.Qxc4 Bc6 7.Nf3 Be7 8.Nc3 O-O
9.O-O a6 10.Qd3 b5 11.a3 Qc8 12.Ne5 Bxg2 13.Kxg2 Qb7+ 14.Qf3 Qxf3+ 15.Kxf3 Rd8
16.Rd1 Nfd7 17.Nxd7 Nxd7 18.e4 Nb6 19.b3 Rd7 20.Be3 Rad8 21.Ke2 Bf6 22.e5 Be7
23.f4 h5 24.Ne4 Nd5 25.Bd2 f5 26.Nf2 Nb6 27.Be3 a5 28.Nd3 a4 29.b4 Nc4 30.Bf2
Kf7 31.h4 Rd5 32.Rdb1 Ke8 33.Nb2 Nb6 34.Rc1 R5d7 35.Rc6 Kf7 36.Rac1 Nd5 37.Nd3 1/2-1/2

[Event "2. Bundesliga Ost 2010/2011"]
[Site "2+3.10.Zwettl,30.10-1.11.Wien,27+28.11.Wien,29+30.
[Date "2011.03.13"]
[Round "11"]
[Board "4"]
[White "Kopinits, Anna-Christina"]
[Black "Maros, Milan"]
[Result "0-1"]
[WhiteElo "2210"]
[BlackElo "2329"]
[PlyCount "82"]
[EventDate "2010.10.02"]
[EventType "team"]
[EventRounds "11"]
[EventCountry "AUT"]
[WhiteTeam "ASVOE Wulkaprodersdorf"]
[BlackTeam "Husek Wien"]

1.e4 e6 2.d4 d5 3.Nd2 c5 4.exd5 Qxd5 5.Ngf3 cxd4 6.Bc4 Qd8 7.O-O a6 8.Nb3 Qc7
9.Bd3 Bd6 10.Nbxd4 Ne7 11.Re1 Nbc6 12.Nxc6 Nxc6 13.c3 Bd7 14.a4 h6 15.Qe2 O-O
16.Qe4 f5 17.Qc4 Kh8 18.Nh4 Bxh2+ 19.Kh1 Rf6 20.g3 Bxg3 21.fxg3 Qxg3 22.Re3 Qf2
23.Rf3 Qe1+ 24.Rf1 Qg3 25.Rf3 Qd6 26.Bf4 e5 27.Bh2 Be6 28.Nxf5 Rxf5 29.Qxe6 Qxe6
30.Bxf5 Qd5 31.Raf1 Rf8 32.Kg1 Qd2 33.R1f2 Qg5+ 34.Kh1 g6 35.Be4 Rxf3 36.Bxf3
Qe3 37.Kg2 e4 38.Bd1 Qg5+ 39.Kf1 Ne5 40.Bb3 Nf3 41.Bd1 Qc1 0-1

[Event "2. Bundesliga Ost 2010/2011"]
[Site "2+3.10.Zwettl,30.10-1.11.Wien,27+28.11.Wien,29+30.
[Date "2011.03.13"]
[Round "11"]
[Board "5"]
[White "Zojer, Stefan"]
[Black "Rudolf, Herbert"]
[Result "1-0"]
[WhiteElo "2043"]
[BlackElo "2109"]
[PlyCount "35"]
[EventDate "2010.10.02"]
[EventType "team"]
[EventRounds "11"]
[EventCountry "AUT"]
[WhiteTeam "Husek Wien"]
[BlackTeam "ASVOE Wulkaprodersdorf"]

1.e4 d5 2.exd5 Nf6 3.d4 Nxd5 4.Nf3 Bg4 5.Be2 e6 6.O-O Bd6 7.Ne5 Bxe2 8.Qxe2 Bxe5
9.dxe5 Nc6 10.Qg4 O-O 11.Bh6 g6 12.Bxf8 Qxf8 13.Qe4 Qc5 14.Nd2 a5 15.Rfe1 a4
16.c4 Nb6 17.Qf4 Rd8 18.Ne4 1-0

[Event "2. Bundesliga Ost 2010/2011"]
[Site "2+3.10.Zwettl,30.10-1.11.Wien,27+28.11.Wien,29+30.
[Date "2011.03.13"]
[Round "11"]
[Board "6"]
[White "Rampler, Evelyn"]
[Black "Haas, Bernhard"]
[Result "1-0"]
[WhiteElo "1842"]
[BlackElo "1989"]
[PlyCount "150"]
[EventDate "2010.10.02"]
[EventType "team"]
[EventRounds "11"]
[EventCountry "AUT"]
[WhiteTeam "ASVOE Wulkaprodersdorf"]
[BlackTeam "Husek Wien"]

1.e4 e6 2.d3 d5 3.Nd2 Nf6 4.Ngf3 c5 5.g3 Nc6 6.Bg2 Be7 7.O-O O-O 8.Re1 b5 9.e5
Nd7 10.c3 a5 11.Qe2 Ba6 12.h4 b4 13.Nf1 a4 14.a3 bxc3 15.bxc3 Rb8 16.Qc2 Na5
17.Bf4 Nb3 18.Rab1 Qa5 19.c4 dxc4 20.dxc4 Qc7 21.N1d2 Nb6 22.Nxb3 axb3 23.Rxb3
Nxc4 24.Rc3 Nb6 25.Bg5 Rbc8 26.Bxe7 Qxe7 27.Ng5 g6 28.Ne4 Nd7 29.Nd6 Rcd8 30.Qa4
Nxe5 31.Rxe5 Qxd6 32.Rexc5 Be2 33.Rc1 Bd1 34.Qc4 Qd2 35.a4 Rd4 36.Qa6 Rxa4
37.Qf1 Rd8 38.R5c3 Rad4 39.Rc7 Qb2 40.Qe1 Ba4 41.Rc8 Qb6 42.Bf3 Rd3 43.Rxd8+
Rxd8 44.h5 Qb3 45.Qa5 Rf8 46.h6 Qb5 47.Qc3 e5 48.Qc7 Qb8 49.Qe7 Qb2 50.Rc7 Qd2
51.Qxe5 Qxh6 52.Bd5 Qg7 53.Qd6 Be8 54.Rc8 Qa1+ 55.Kg2 Qg7 56.Qe7 Qh6 57.Rxe8
Rxe8 58.Qxe8+ Qf8 59.Qa4 h5 60.Be4 Qb8 61.Bc6 Qc8 62.Bd5 Qb8 63.Qf4 Kg7 64.Qd4+
Kg8 65.Qd2 Kg7 66.Qd1 Qb5 67.Qf3 Qe8 68.Bc6 Qe6 69.Qc3+ Kg8 70.Bf3 Qd7 71.Qb3
Qe7 72.Qc3 Qd7 73.Qa5 Qe7 74.Qa8+ Kg7 75.Qb8 h4 1-0

[Event "2. Bundesliga Ost 2010/2011"]
[Site "2+3.10.Zwettl,30.10-1.11.Wien,27+28.11.Wien,29+30.
[Date "2011.03.13"]
[Round "11"]
[Board "1"]
[White "Papp, Gabor"]
[Black "Schroll, Gerhard"]
[Result "1/2-1/2"]
[WhiteElo "2526"]
[BlackElo "2449"]
[PlyCount "88"]
[EventDate "2010.10.02"]
[EventType "team"]
[EventRounds "11"]
[EventCountry "AUT"]
[WhiteTeam "ASVOE SK Mattersburg"]
[BlackTeam "1. Wr. Neustaedter SV"]

1.e4 Nf6 2.e5 Nd5 3.d4 d6 4.Nf3 dxe5 5.Nxe5 c6 6.Be2 Bf5 7.O-O Nd7 8.Nf3 e6 9.c4
N5f6 10.Nc3 Ne4 11.Nxe4 Bxe4 12.Bf4 Be7 13.Re1 O-O 14.h3 Qb6 15.b3 c5 16.Ne5
Nxe5 17.dxe5 Rfd8 18.Qc1 a5 19.Bf1 Bd3 20.Bxd3 Rxd3 21.Qc2 Rad8 22.Red1 R3d7
23.Rxd7 Rxd7 24.Rd1 Qd8 25.Rxd7 Qxd7 26.Be3 h6 27.Kf1 b6 28.Ke2 Qc6 29.f3 Bd8
30.Bd2 h5 31.Qd3 Be7 32.Kd1 g6 33.Kc2 Kf8 34.Qe3 a4 35.bxa4 Qxa4+ 36.Qb3 Qc6
37.a4 Bd8 38.Qb5 Qc7 39.Bc3 Kg7 40.Qe8 Bg5 41.Qa8 Qd7 42.Qa6 Be3 43.Qb5 Qd8
44.Qb2 Qd7 1/2-1/2

[Event "2. Bundesliga Ost 2010/2011"]
[Site "2+3.10.Zwettl,30.10-1.11.Wien,27+28.11.Wien,29+30.
[Date "2011.03.13"]
[Round "11"]
[Board "2"]
[White "Steiner, Adam"]
[Black "Fodor, Tamas"]
[Result "0-1"]
[WhiteElo "2232"]
[BlackElo "2451"]
[PlyCount "128"]
[EventDate "2010.10.02"]
[EventType "team"]
[EventRounds "11"]
[EventCountry "AUT"]
[WhiteTeam "1. Wr. Neustaedter SV"]
[BlackTeam "ASVOE SK Mattersburg"]

1.e4 e5 2.Nc3 Nf6 3.f4 d5 4.fxe5 Nxe4 5.Nf3 Be7 6.d4 c5 7.Bd3 cxd4 8.Nxe4 dxe4
9.Bxe4 Qa5+ 10.Bd2 Qb6 11.O-O Nc6 12.Qe1 Be6 13.Ng5 Bc4 14.Bd3 Bxd3 15.cxd3 Bxg5
16.Bxg5 O-O 17.Qg3 Kh8 18.Rae1 Rae8 19.Re4 Re6 20.Rf6 Qxb2 21.Rh4 Nxe5 22.Rf1
Kg8 23.Re4 Ng6 24.Rxe6 fxe6 25.Rxf8+ Nxf8 26.h4 Qb5 27.Bf6 Qd7 28.h5 h6 29.Be5
Nh7 30.Qf4 Ng5 31.Bxd4 Qd5 32.Qb8+ Kh7 33.Qxa7 e5 34.Bb2 Qxd3 35.Qxb7 Qd1+
36.Kf2 Qd2+ 37.Kf1 Qf4+ 38.Kg1 Ne4 39.Qb6 Nf6 40.Qf2 Qe4 41.Bc3 Ng4 42.Qb6 Nf6
43.Qf2 Nd5 44.Bd2 Kg8 45.Kh2 Nf6 46.Qf3 Qh4+ 47.Kg1 Qd4+ 48.Qf2 Qa1+ 49.Be1 Nxh5
50.Kf1 Nf4 51.Qc2 Qd4 52.a4 Nd5 53.Qc8+ Kf7 54.Qd7+ Kf6 55.Qd8+ Kg6 56.Qe8+ Kh7
57.Qh5 Ne3+ 58.Kg1 Ng4+ 59.Kh1 Qe4 60.Qh4 Qxa4 61.Qg3 Qe4 62.Qc3 Ne3 63.Qd2 Nxg2
64.Bg3 Nh4+ 0-1